[Event "WTCC-50 2018"]
[Site "Radebeul"]
[Date "2018.07.11"]
[Round "5"]
[White "Jhunjhnuwala, Naresh"]
[Black "Denk, Adolf"]
[Result "1/2-1/2"]
[WhiteElo "2164"]
[BlackElo "2262"]
[Annotator "NA"]
[PlyCount "88"]
[EventDate "2018.07.07"]
[EventType "team-tourn"]
[EventCountry "GER"]
[SourceTitle "playchess.com"]
[Source "ChessBase"]
[SourceQuality "1"]
[TimeControl "40/5400+30:1800+30"]

1. e4 {[%emt 0:00:00]} c5 {[%emt 0:00:00]} 2. Nf3 {[%emt 0:00:00]} d6 {[%emt 0:00:00]} 3. c3 {[%emt 0:00:02]} Nf6 {[%emt 0:01:39]} 4. h3 {[%emt 0:06:40]} g6 {[%emt 0:01:35]} 5. Qc2 {[%emt 0:01:24]} Bg7 {[%emt 0:00:16]} 6. Bc4 {[%emt 0:05:00]} O-O {[%emt 0:00:38]} 7. O-O {[%emt 0:00:09]} Nc6 {[%emt 0:02:52]} 8. Re1 {[%emt 0:00:59]} Rb8 {[%emt 0:04:33]} 9. b3 {[%emt 0:07:01]} b5 {[%emt 0:06:29]} 10. Bf1 {[%emt 0:00:23]} Ne8 {[%emt 0:06:37]} 11. Bb2 {[%emt 0:02:32]} e5 {[%emt 0:03:45]} 12. d3 {[%emt 0:08:49]} Nc7 {[%emt 0:03:08]} 13. Nbd2 {[%emt 0:03:03]} Ne6 {[%emt 0:01:47]} 14. g3 {[%emt 0:01:44]} f5 {[%emt 0:12:11]} 15. exf5 {[%emt 0:03:53]} gxf5 {[%emt 0:01:25]} 16. Bg2 {[%emt 0:01:08]} Bd7 {[%emt 0:05:52]} 17. Rad1 {[%emt 0:01:52]} Qf6 {[%emt 0:02:55]} 18. Nf1 {[%emt 0:05:21]} b4 {[%emt 0:07:04]} 19. Ne3 {[%emt 0:04:18]} bxc3 {[%emt 0:01:06]} 20. Bxc3 {[%emt 0:02:07]} Rfc8 {[%emt 0:07:18]} 21. Qb2 {[%emt 0:04:28]} Kh8 {[%emt 0:07:01]} 22. Nc4 {[%emt 0:04:03]} Qf8 {[%emt 0:01:27]} 23. Re2 {[%emt 0:05:03]} Ncd4 {[%emt 0:01:36]} 24. Bxd4 {[%emt 0:07:10]} cxd4 {[%emt 0:01:13]} 25. Qa3 {[%emt 0:01:06]} e4 {[%emt 0:04:57]} 26. Ne1 {[%emt 0:01:48]} d5 {[%emt 0:01:06]} 27. Qxf8+ {[%emt 0:01:43]} Nxf8 {[%emt 0:01:48]} 28. Na3 {[%emt 0:05:19]} Ne6 {[%emt 0:01:16]} 29. f3 {[%emt 0:00:36]} Nc5 {[%emt 0:04:34]} 30. fxe4 {[%emt 0:02:43]} fxe4 {[%emt 0:00:24]} 31. dxe4 {[%emt 0:01:28]} dxe4 {[%emt 0:00:24]} 32. Bxe4 {[%emt 0:00:21]} Bxh3 {[%emt 0:02:52]} 33. Bf3 {[%emt 0:00:22]} Bf5 {[%emt 0:00:17]} 34. Nc4 {[%emt 0:00:46]} Rc7 {[%emt 0:01:19]} 35. Ne5 {[%emt 0:02:22]} Rd8 {[%emt 0:02:36]} 36. Nc6 {[%emt 0:00:25]} Rxc6 {[%emt 0:01:25]} 37. Bxc6 {[%emt 0:00:02]} d3 {[%emt 0:00:36]} 38. Re8+ {[%emt 0:01:38]} Rxe8 {[%emt 0:00:12]} 39. Bxe8 {[%emt 0:00:02]} Bd4+ {[%emt 0:00:24]} 40. Kg2 {[%emt 0:03:20]} Bc3 {[%emt 0:01:37]} 41. Bb5 {[%emt 0:32:39]} d2 {[%emt 0:06:18]} 42. Nf3 {[%emt 0:00:00]} Bc2 {[%emt 0:01:22]} 43. Rxd2 {[%emt 0:00:00]} Bxd2 {[%emt 0:00:16]} 44. Nxd2 {[%emt 0:00:00]} Kg7 {[%emt 0:00:20]} 1/2-1/2

[Event "WTCC-50 2018"]
[Site "Radebeul"]
[Date "2018.07.11"]
[Round "5"]
[White "Wuttke, Hans"]
[Black "Yermolinsky, Alex"]
[Result "0-1"]
[WhiteElo "2160"]
[BlackElo "2505"]
[Annotator "ChessBase"]
[PlyCount "68"]
[EventDate "2018.07.07"]
[EventType "team-tourn"]
[EventCountry "GER"]
[SourceTitle "playchess.com"]
[Source "ChessBase"]
[SourceQuality "1"]
[TimeControl "40/5400+30:1800+30"]

1. Nf3 {[%emt 0:00:00]} d5 {[%emt 0:00:19]} 2. c4 {[%emt 0:00:00]} d4 {[%emt 0:00:33]} 3. b4 {[%emt 0:00:13]} g6 {[%emt 0:03:44]} 4. Bb2 {[%emt 0:03:11]} Bg7 {[%emt 0:00:05]} 5. g3 {[%emt 0:03:24]} e5 {[%emt 0:11:41]} 6. d3 {[%emt 0:00:42]} Nh6 {[%emt 0:03:07]} 7. Bg2 {[%emt 0:00:46]} O-O {[%emt 0:00:06]} 8. O-O {[%emt 0:00:23]} Nd7 {[%emt 0:02:01]} 9. Nbd2 {[%emt 0:03:03]} Re8 {[%emt 0:00:23]} 10. Nb3 {[%emt 0:06:24]} Nf5 {[%emt 0:02:16]} 11. Re1 {[%emt 0:01:44]} Nf6 {[%emt 0:02:02]} 12. Nfd2 {[%emt 0:04:26]} h5 {[%emt 0:05:22]} 13. Ne4 {[%emt 0:08:52]} h4 {[%emt 0:03:13]} 14. Nxf6+ {[%emt 0:04:23]} Qxf6 {[%emt 0:06:57]} 15. Nc5 {[%emt 0:01:33]} Nd6 {[%emt 0:06:08]} 16. Qd2 {[%emt 0:06:43]} Kh7 {[%emt 0:04:31]} 17. Bc1 {[%emt 0:03:25]} Rb8 {[%emt 0:02:05]} 18. Qg5 {[%emt 0:02:36]} h3 {[%emt 0:01:48]} 19. Bh1 {[%emt 0:02:39]} Qxg5 {[%emt 0:02:20]} 20. Bxg5 {[%emt 0:00:05]} f5 {[%emt 0:00:21]} 21. Rac1 {[%emt 0:09:24]} b6 {[%emt 0:07:44]} 22. Nb3 {[%emt 0:00:08]} Bb7 {[%emt 0:00:07]} 23. c5 {[%emt 0:04:56]} Nb5 {[%emt 0:00:34]} 24. c6 {[%emt 0:02:10]} Bc8 {[%emt 0:00:57]} 25. Nd2 {[%emt 0:06:46]} Be6 {[%emt 0:00:53]} 26. Rc2 {[%emt 0:05:20]} Nc3 {[%emt 0:02:57]} 27. Kf1 {[%emt 0:00:14]} Nxa2 {[%emt 0:06:24]} 28. Rb2 {[%emt 0:05:45]} Nc3 {[%emt 0:05:08]} 29. Ra1 {[%emt 0:04:01]} Ra8 {[%emt 0:00:07]} 30. b5 {[%emt 0:01:06]} a5 {[%emt 0:04:34]} 31. bxa6 {[%emt 0:00:42]} Ra7 {[%emt 0:00:04]} 32. f4 {[%emt 0:04:08]} Rea8 {[%emt 0:08:24]} 33. fxe5 {[%emt 0:00:39]} Rxa6 {[%emt 0:00:05]} 34. Rxa6 {[%emt 0:00:23]} Rxa6 {[%emt 0:00:04]} 0-1

[Event "WTCC-50 2018"]
[Site "Radebeul"]
[Date "2018.07.11"]
[Round "5"]
[White "Limpert, Michael"]
[Black "Chan, Peng Kong"]
[Result "0-1"]
[WhiteElo "2159"]
[BlackElo "2158"]
[Annotator "NA"]
[PlyCount "143"]
[EventDate "2018.07.07"]
[EventType "team-tourn"]
[EventCountry "GER"]
[SourceTitle "playchess.com"]
[Source "ChessBase"]
[SourceQuality "1"]
[TimeControl "40/5400+30:1800+30"]

1. e4 {[%emt 0:00:00]} c5 {[%emt 0:00:10]} 2. Nf3 {[%emt 0:00:00]} e6 {[%emt 0:00:36]} 3. b3 {[%emt 0:00:00]} b6 {[%emt 0:00:46]} 4. Bb2 {[%emt 0:00:11]} Bb7 {[%emt 0:00:05]} 5. Bd3 {[%emt 0:08:18] B40: Sicilian: 2...e6, Unusual lines} Nc6 {[%emt 0:01:35]} 6. c3 {[%emt 0:04:19]} (6. a3 Nf6 7. O-O d6 8. Re1 Be7 9. Bf1 O-O 10. d3 Nd7 11. Nbd2 Bf6 12. Bxf6 Nxf6 {1-0 (29) Kasimdzhanov,R (2683)-Ganguly,S (2650) Riadh 2017}) 6... Nf6 {[%emt 0:01:48]} 7. O-O {[%emt 0:02:37]} Be7 {[%emt 0:03:14]} 8. Bc2 $146 {[%emt 0:03:58]} ({Predecessor:} 8. Re1 e5 9. Bf1 O-O 10. Na3 d6 11. d4 cxd4 12. cxd4 exd4 13. Nxd4 {0-1 (26) Kerigan,D (2343)-Lemmers,O (2373) Belgium 2015}) 8... d5 {[%emt 0:03:24]} 9. d3 {[%emt 0:06:38]} O-O {[%emt 0:12:41]} 10. Nbd2 {[%emt 0:07:05]} Qc7 {[%emt 0:02:42]} 11. Qe2 {[%emt 0:04:45]} Rad8 {[%emt 0:06:36]} 12. Rad1 {[%emt 0:09:34]} Rfe8 {[%emt 0:06:42]} 13. h3 {[%emt 0:10:36]} d4 {[%emt 0:10:47]} 14. c4 {[%emt 0:07:01]} e5 {[%emt 0:02:04]} 15. Nh2 {[%emt 0:00:30]} Bc8 {[%emt 0:00:30]} 16. Rfe1 {[%emt 0:06:48]} Bf8 {[%emt 0:05:32]} 17. Ndf1 {[%emt 0:00:25]} g6 {[%emt 0:00:30]} 18. Bc1 {[%emt 0:00:33]} h6 {[%emt 0:04:35]} 19. Ng4 {[%emt 0:02:51]} Nxg4 {[%emt 0:00:09]} 20. hxg4 {[%emt 0:00:02]} Qe7 {[%emt 0:02:37]} 21. g3 {[%emt 0:00:32]} Bg7 {[%emt 0:00:28]} 22. Nh2 {[%emt 0:02:37]} Kh7 {[%emt 0:05:25]} 23. Kg2 {[%emt 0:00:36]} Rh8 {[%emt 0:02:34]} 24. Rh1 {[%emt 0:02:17]} Rde8 {[%emt 0:01:16]} 25. Rdg1 {[%emt 0:00:41]} Kg8 {[%emt 0:01:53]} 26. Nf1 {[%emt 0:01:21]} Nb4 {[%emt 0:00:55]} 27. Bd1 {[%emt 0:03:23]} Bd7 {[%emt 0:01:56]} 28. Rh2 {[%emt 0:01:09]} f6 {[%emt 0:02:38]} 29. Rgh1 {[%emt 0:03:44]} g5 {[%emt 0:00:20]} 30. f4 {[%emt 0:03:24]} Rf8 {[%emt 0:00:57]} 31. f5 {[%emt 0:01:30]} Ra8 {[%emt 0:00:44]} 32. Kg1 {[%emt 0:00:39]} Kh7 {[%emt 0:01:17]} 33. a3 {[%emt 0:02:14]} Nc6 {[%emt 0:00:02]} 34. Qa2 {[%emt 0:01:34]} a6 {[%emt 0:00:49]} 35. Rb2 {[%emt 0:00:21]} Rhb8 {[%emt 0:00:19]} 36. Rhh2 {[%emt 0:00:16]} Be8 {[%emt 0:00:42]} 37. Rb1 {[%emt 0:03:37]} Bf8 {[%emt 0:00:16]} 38. Rhb2 {[%emt 0:00:27]} b5 {[%emt 0:06:10]} 39. Bd2 {[%emt 0:00:19]} Bf7 {[%emt 0:01:07]} 40. Be1 {[%emt 0:00:37]} Qc7 {[%emt 0:00:45]} 41. Be2 {[%emt 0:31:49]} Bd6 {[%emt 0:32:29]} 42. Qa1 {[%emt 0:00:00]} Ra7 {[%emt 0:00:00]} 43. Bd2 {[%emt 0:00:00]} Rab7 {[%emt 0:00:00]} 44. Bc1 {[%emt 0:00:00]} Rb6 {[%emt 0:00:00]} 45. Bd1 {[%emt 0:00:00]} R8b7 {[%emt 0:00:00]} 46. Kg2 {[%emt 0:00:00]} Qb8 {[%emt 0:00:00]} 47. Nd2 {[%emt 0:00:00]} Kg7 {[%emt 0:00:00]} 48. Be2 {[%emt 0:00:00]} Bf8 {[%emt 0:00:00]} 49. Kg1 {[%emt 0:00:00]} Be7 {[%emt 0:00:00]} 50. Kg2 {[%emt 0:00:00]} Qd6 {[%emt 0:00:00]} 51. Bd1 {[%emt 0:02:34]} Rb8 {[%emt 0:00:00]} 52. Kg1 {[%emt 0:00:42]} R6b7 {[%emt 0:00:00]} 53. Nf1 {[%emt 0:00:29]} Bd8 {[%emt 0:00:00]} 54. Bd2 {[%emt 0:00:45]} Qe7 {[%emt 0:00:00]} 55. Kg2 {[%emt 0:00:19]} Qf8 {[%emt 0:00:00]} 56. Kg1 {[%emt 0:00:36]} Qd6 {[%emt 0:00:00]} 57. Be1 {[%emt 0:00:48]} Rb6 {[%emt 0:01:45]} 58. Bd2 {[%emt 0:00:40]} R8b7 {[%emt 0:00:08]} 59. Bc1 {[%emt 0:00:39]} bxc4 {[%emt 0:00:45]} 60. bxc4 {[%emt 0:00:13]} Qb8 {[%emt 0:00:23]} 61. Rxb6 {[%emt 0:01:22]} Rxb6 {[%emt 0:00:14]} 62. Rxb6 {[%emt 0:00:12]} Qxb6 {[%emt 0:00:14]} 63. Qb2 {[%emt 0:00:11]} Qxb2 {[%emt 0:02:22]} 64. Bxb2 {[%emt 0:00:01]} Ba5 {[%emt 0:00:07]} 65. Kf2 {[%emt 0:01:08]} Kf8 {[%emt 0:00:13]} 66. Bf3 {[%emt 0:01:19]} Ke7 {[%emt 0:00:57]} 67. Ke2 {[%emt 0:00:15]} Be8 {[%emt 0:00:55]} 68. Kd1 {[%emt 0:00:26]} Nb8 {[%emt 0:00:19]} 69. Nd2 {[%emt 0:00:30]} Kd6 {[%emt 0:00:55]} 70. Kc1 {[%emt 0:00:10]} Nd7 {[%emt 0:02:32]} 71. Bd1 {[%emt 0:02:12]} Nb6 $15 {[%emt 0:00:00]} 72. Nf1 0-1

[Event "WTCC-50 2018"]
[Site "Radebeul"]
[Date "2018.07.11"]
[Round "5"]
[White "Sazonova, Elena N"]
[Black "Thurstan, Tim M"]
[Result "1/2-1/2"]
[WhiteElo "2146"]
[BlackElo "2035"]
[Annotator "NA"]
[PlyCount "119"]
[EventDate "2018.07.07"]
[EventType "team-tourn"]
[EventCountry "GER"]
[SourceTitle "playchess.com"]
[Source "ChessBase"]
[SourceQuality "1"]
[TimeControl "40/5400+30:1800+30"]

1. e4 {[%emt 0:00:00]} e6 {[%emt 0:00:00]} 2. Nf3 {[%emt 0:00:00]} d5 {[%emt 0:00:00]} 3. Nc3 {[%emt 0:00:00]} Nf6 {[%emt 0:00:16]} 4. e5 {[%emt 0:00:06]} Nfd7 {[%emt 0:00:06]} 5. d4 {[%emt 0:00:05]} b6 {[%emt 0:03:46]} 6. Ng5 {[%emt 0:11:01] C11: French: Classical System: 4 e5 and 4 Bg5 dxe4} (6. Bg5 Be7 7. Bxe7 Qxe7 8. Nb5 Qd8 9. Bd3 Ba6 10. h4 Bxb5 11. Bxb5 c6 12. Bd3 c5 13. c3 Nc6 {½-½ (53) Sadovsky,A (2414)-Stupak,K (2564) St Petersburg 2016}) 6... Ba6 $146 {[%emt 0:14:16]} ({Predecessor:} 6... g6 7. Qf3 Qe7 8. Nb5 Na6 9. Bd3 h6 10. Qh3 Bg7 11. Nf3 Nf8 12. c3 Nb8 13. O-O a6 {½-½ (51) Languidey,S (2360)-Fernandes Filho,B (2108) Florianopolis 2018}) 7. Qh5 {[%emt 0:16:05]} Qe7 {[%emt 0:06:42]} 8. h4 {[%emt 0:08:07]} g6 {[%emt 0:08:36]} 9. Qg4 {[%emt 0:03:45]} h5 {[%emt 0:07:22]} 10. Qf3 {[%emt 0:03:41]} Bg7 {[%emt 0:07:41]} 11. Nb5 {[%emt 0:06:55]} Bxb5 {[%emt 0:04:07]} 12. Bxb5 {[%emt 0:00:07]} c6 {[%emt 0:07:13]} 13. Bd3 {[%emt 0:01:30]} Nf8 {[%emt 0:00:49]} 14. Bd2 {[%emt 0:01:54]} f5 {[%emt 0:06:09]} 15. O-O-O {[%emt 0:04:33]} Nbd7 {[%emt 0:03:12]} 16. c4 {[%emt 0:02:13]} Rc8 {[%emt 0:03:10]} 17. Kb1 {[%emt 0:00:25]} dxc4 {[%emt 0:04:24]} 18. Bxc4 {[%emt 0:00:07]} b5 {[%emt 0:01:27]} 19. Be2 {[%emt 0:03:00]} Nb6 {[%emt 0:00:34]} 20. Rc1 {[%emt 0:00:42]} Qd7 {[%emt 0:01:48]} 21. Rhd1 {[%emt 0:05:44]} a6 {[%emt 0:02:13]} 22. Bb4 {[%emt 0:00:53]} Nd5 {[%emt 0:02:23]} 23. Bd6 {[%emt 0:01:07]} Nh7 {[%emt 0:01:26]} 24. Qa3 {[%emt 0:03:27]} Nxg5 {[%emt 0:00:29]} 25. hxg5 {[%emt 0:00:07]} Qb7 {[%emt 0:01:15]} 26. Bf3 {[%emt 0:01:25]} Kf7 {[%emt 0:01:14]} 27. Rc2 {[%emt 0:04:09]} Rhd8 28. Rdc1 {[%emt 0:02:31]} Bf8 {[%emt 0:08:52]} 29. Bxd5 {[%emt 0:03:24]} cxd5 {[%emt 0:01:10]} 30. Qa5 {[%emt 0:02:15]} Rxc2 {[%emt 0:01:57]} 31. Qxd8 {[%emt 0:01:14]} Rxc1+ {[%emt 0:00:18]} 32. Kxc1 {[%emt 0:00:07]} Bg7 {[%emt 0:01:53]} 33. a3 {[%emt 0:05:42]} b4 {[%emt 0:00:58]} 34. axb4 {[%emt 0:00:38]} Qb5 {[%emt 0:00:15]} 35. Qc7+ {[%emt 0:05:59]} Kg8 {[%emt 0:00:06]} 36. Kb1 {[%emt 0:00:18]} Qd3+ {[%emt 0:01:07]} 37. Ka2 {[%emt 0:00:48]} Qxd4 {[%emt 0:00:34]} 38. Qc8+ {[%emt 0:01:30]} Kh7 {[%emt 0:00:28]} 39. Qxa6 {[%emt 0:00:26]} Bxe5 {[%emt 0:00:13]} 40. Bxe5 {[%emt 0:01:02]} Qxe5 {[%emt 0:00:05]} 41. b5 {[%emt 0:31:13]} d4 {[%emt 0:06:47]} 42. Qc6 {[%emt 0:00:00]} d3 {[%emt 0:05:28]} 43. Qd7+ {[%emt 0:00:00]} Kg8 {[%emt 0:00:11]} 44. Qd8+ {[%emt 0:00:00]} Kf7 {[%emt 0:01:34]} 45. Qd7+ {[%emt 0:00:00]} Kf8 {[%emt 0:00:29]} 46. Qxd3 {[%emt 0:00:00]} Ke8 {[%emt 0:02:49]} 47. Qc4 {[%emt 0:00:00]} Kd8 {[%emt 0:06:51]} 48. Kb3 {[%emt 0:00:00]} h4 {[%emt 0:02:39]} (48... Qd6 {might work better.} 49. Ka4 Kd7) 49. Qxh4 $11 {[%emt 0:00:00]} (49. b6 $18) 49... Qxb5+ {[%emt 0:00:22]} 50. Qb4 {[%emt 0:00:00]} Qd3+ {[%emt 0:03:02]} 51. Qc3 {[%emt 0:00:00]} Qd1+ {[%emt 0:00:26]} 52. Ka3 {[%emt 0:00:00]} Qd6+ {[%emt 0:00:36]} 53. b4 {[%emt 0:00:00]} e5 {[%emt 0:00:41]} 54. f3 {[%emt 0:00:00]} Qd5 {[%emt 0:01:25]} 55. Kb2 {[%emt 0:01:53]} Kd7 {[%emt 0:01:13]} 56. Kc1 {[%emt 0:01:51]} Qb5 {[%emt 0:00:23]} 57. Kd2 {[%emt 0:00:26]} Ke6 {[%emt 0:02:01]} 58. Qc8+ {[%emt 0:00:31]} Kd5 {[%emt 0:00:52]} 59. Kc3 {[%emt 0:00:49]} Qe2 {[%emt 0:01:25]} 60. Qd7# {[%emt 0:00:26] Kd4+} 1/2-1/2

[Event "WTCC-50 2018"]
[Site "Radebeul"]
[Date "2018.07.11"]
[Round "5"]
[White "Van den Bersselaar, Jeroen"]
[Black "Schulz, Klaus-Juergen"]
[Result "0-1"]
[WhiteElo "2142"]
[BlackElo "2324"]
[Annotator "NA"]
[PlyCount "54"]
[EventDate "2018.07.07"]
[EventType "team-tourn"]
[EventCountry "GER"]
[SourceTitle "playchess.com"]
[Source "ChessBase"]
[SourceQuality "1"]
[TimeControl "40/5400+30:1800+30"]

1. Nf3 {[%emt 0:00:00]} Nf6 {[%emt 0:01:43]} 2. c4 {[%emt 0:00:00]} e6 {[%emt 0:01:37]} 3. g3 {[%emt 0:00:31]} b6 {[%emt 0:11:48]} 4. Bg2 {[%emt 0:00:16]} Bb7 {[%emt 0:00:11]} 5. O-O {[%emt 0:00:41]} c5 {[%emt 0:06:21]} 6. b3 {[%emt 0:02:06]} d6 {[%emt 0:00:39]} 7. d4 {[%emt 0:04:42]} cxd4 {[%emt 0:05:08]} 8. Qxd4 {[%emt 0:00:08]} Nbd7 {[%emt 0:00:36]} 9. Nc3 {[%emt 0:04:09]} a6 {[%emt 0:00:21]} 10. Rd1 {[%emt 0:07:22]} Qc7 {[%emt 0:06:38]} 11. e4 {[%emt 0:10:35]} Be7 {[%emt 0:02:41]} 12. Ba3 {[%emt 0:01:23]} Nc5 {[%emt 0:01:32]} 13. e5 {[%emt 0:01:04]} dxe5 {[%emt 0:01:43]} 14. Nxe5 {[%emt 0:00:34]} Bxg2 {[%emt 0:01:54]} 15. Kxg2 {[%emt 0:00:03]} O-O {[%emt 0:03:03]} 16. Qe3 {[%emt 0:06:36]} Rfc8 {[%emt 0:21:42]} 17. f3 {[%emt 0:10:56]} Rd8 {[%emt 0:06:16]} 18. Ne2 {[%emt 0:11:50]} Nfd7 {[%emt 0:09:40]} 19. Nxd7 {[%emt 0:09:16]} Rxd7 {[%emt 0:00:04]} 20. b4 {[%emt 0:00:37]} Rxd1 {[%emt 0:03:59]} 21. Rxd1 {[%emt 0:00:15]} Nd7 {[%emt 0:00:08]} 22. Rc1 {[%emt 0:06:06]} Ne5 {[%emt 0:01:14]} 23. c5 {[%emt 0:01:50]} bxc5 {[%emt 0:01:02]} 24. bxc5 {[%emt 0:00:19]} Rd8 {[%emt 0:00:38]} 25. Nd4 {[%emt 0:05:37]} Rd5 {[%emt 0:00:11]} 26. f4 {[%emt 0:07:29]} Nc6 {[%emt 0:02:32]} 27. Nxe6 {[%emt 0:00:25]} Qd7 {[%emt 0:00:32]} 0-1

[Event "WTCC-50 2018"]
[Site "Radebeul"]
[Date "2018.07.11"]
[Round "5"]
[White "Barron, Michael"]
[Black "Nazarenus, Olaf"]
[Result "1-0"]
[WhiteElo "2123"]
[BlackElo "2082"]
[Annotator "NA"]
[PlyCount "107"]
[EventDate "2018.07.07"]
[EventType "team-tourn"]
[EventCountry "GER"]
[SourceTitle "playchess.com"]
[Source "ChessBase"]
[SourceQuality "1"]
[TimeControl "40/5400+30:1800+30"]

1. e4 {[%emt 0:00:00]} c5 {[%emt 0:00:00]} 2. Nf3 {[%emt 0:00:00]} d6 {[%emt 0:00:31]} 3. d4 {[%emt 0:00:00]} cxd4 {[%emt 0:00:06]} 4. Nxd4 {[%emt 0:00:02]} Nf6 {[%emt 0:00:10]} 5. Nc3 {[%emt 0:00:02]} g6 {[%emt 0:00:20]} 6. Be2 {[%emt 0:00:03]} Bg7 {[%emt 0:00:07]} 7. O-O {[%emt 0:00:07]} O-O {[%emt 0:00:05]} 8. Kh1 {[%emt 0:00:07]} Nc6 {[%emt 0:03:44]} 9. Nb3 {[%emt 0:00:03]} Be6 {[%emt 0:03:56]} 10. Bg5 {[%emt 0:00:57]} Rc8 {[%emt 0:01:59]} 11. f4 {[%emt 0:00:05]} Na5 {[%emt 0:01:38]} 12. Nd4 {[%emt 0:04:28]} Bc4 {[%emt 0:04:21]} 13. Re1 {[%emt 0:00:55]} Bxe2 {[%emt 0:04:20]} 14. Qxe2 {[%emt 0:04:47]} Nc4 {[%emt 0:00:42]} 15. Nd1 {[%emt 0:00:18]} h6 {[%emt 0:15:05]} 16. Bxf6 {[%emt 0:00:41]} Bxf6 {[%emt 0:00:14]} 17. c3 {[%emt 0:00:03]} Qb6 {[%emt 0:24:17]} 18. Nb3 {[%emt 0:05:18]} a5 {[%emt 0:03:32]} 19. Nd2 {[%emt 0:00:40]} Qc6 {[%emt 0:09:36]} 20. Nxc4 {[%emt 0:04:54]} Qxc4 {[%emt 0:00:04]} 21. Qf3 {[%emt 0:00:16]} Qb5 {[%emt 0:02:29]} 22. Re2 {[%emt 0:00:57]} a4 {[%emt 0:02:12]} 23. a3 {[%emt 0:00:10]} Rc4 {[%emt 0:08:40]} 24. Nf2 {[%emt 0:01:15]} Rfc8 {[%emt 0:01:11]} 25. Rd1 {[%emt 0:01:35]} Qb3 {[%emt 0:03:47]} 26. Red2 {[%emt 0:00:33]} b5 {[%emt 0:00:41]} 27. Nd3 {[%emt 0:01:14]} R4c7 {[%emt 0:02:13]} 28. e5 {[%emt 0:08:34]} Bg7 {[%emt 0:01:51]} 29. exd6 {[%emt 0:01:49]} exd6 {[%emt 0:00:01]} 30. Nc1 {[%emt 0:00:57]} Qc4 {[%emt 0:01:29]} 31. Rxd6 {[%emt 0:00:03]} b4 {[%emt 0:03:33]} 32. axb4 {[%emt 0:00:25]} a3 {[%emt 0:00:03]} 33. bxa3 {[%emt 0:01:03]} Qxc3 {[%emt 0:00:36]} 34. Ne2 {[%emt 0:03:29]} Qb2 {[%emt 0:01:02]} 35. R6d2 {[%emt 0:07:14]} Rc2 {[%emt 0:01:17]} 36. Qd3 {[%emt 0:00:02]} Rxd2 {[%emt 0:00:33]} 37. Rxd2 {[%emt 0:00:02]} Qa1+ {[%emt 0:00:33]} 38. Rd1 {[%emt 0:00:03]} Qb2 {[%emt 0:00:02]} 39. Rb1 {[%emt 0:05:20]} Qc2 {[%emt 0:01:43]} 40. Qxc2 {[%emt 0:07:01]} Rxc2 {[%emt 0:00:01]} 41. Nc1 {[%emt 0:33:08]} Bb2 {[%emt 0:04:13]} 42. Nd3 {[%emt 0:00:00]} Bxa3 {[%emt 0:00:10]} 43. g3 {[%emt 0:00:00]} g5 {[%emt 0:05:21]} 44. Rb3 {[%emt 0:00:00]} Ra2 {[%emt 0:03:47]} 45. b5 {[%emt 0:00:00]} Bd6 {[%emt 0:00:48]} 46. b6 {[%emt 0:00:00]} g4 {[%emt 0:10:52]} 47. b7 {[%emt 0:00:00]} Bb8 {[%emt 0:01:32]} 48. Rc3 {[%emt 0:00:00]} Ra1+ {[%emt 0:01:04]} 49. Kg2 {[%emt 0:00:00]} Ra2+ {[%emt 0:00:08]} 50. Kf1 {[%emt 0:00:00]} Ba7 {[%emt 0:02:05]} 51. Rc8+ {[%emt 0:00:00]} Kg7 {[%emt 0:00:04]} 52. Ra8 {[%emt 0:00:00]} Ra1+ {[%emt 0:01:07]} 53. Ke2 {[%emt 0:00:00]} Ra2+ {[%emt 0:00:22]} 54. Kd1 {[%emt 0:00:00]} 1-0

[Event "WTCC-50 2018"]
[Site "Radebeul"]
[Date "2018.07.11"]
[Round "5"]
[White "Obers, Frits"]
[Black "Polster, Wolfgang"]
[Result "1/2-1/2"]
[WhiteElo "2113"]
[BlackElo "2203"]
[Annotator "NA"]
[PlyCount "78"]
[EventDate "2018.07.07"]
[EventType "team-tourn"]
[EventCountry "GER"]
[SourceTitle "playchess.com"]
[Source "ChessBase"]
[SourceQuality "1"]
[TimeControl "40/5400+30:1800+30"]

1. c4 {[%emt 0:00:00]} f5 {[%emt 0:00:00]} 2. g3 {[%emt 0:00:00]} g6 {[%emt 0:00:03]} 3. Bg2 {[%emt 0:00:00]} Bg7 {[%emt 0:00:21]} 4. Nc3 {[%emt 0:00:03]} Nc6 {[%emt 0:00:57]} 5. d3 {[%emt 0:00:21]} d6 {[%emt 0:00:00]} 6. e4 {[%emt 0:00:20]} Nh6 {[%emt 0:00:27]} 7. Nge2 {[%emt 0:00:14]} O-O {[%emt 0:00:50]} 8. O-O {[%emt 0:00:10]} e5 {[%emt 0:00:30]} 9. Nd5 {[%emt 0:00:45]} Be6 {[%emt 0:03:29]} 10. f3 {[%emt 0:02:11]} g5 {[%emt 0:06:38]} 11. exf5 {[%emt 0:03:24]} Nxf5 {[%emt 0:00:53]} 12. Ne3 {[%emt 0:03:07]} Nfe7 {[%emt 0:04:47]} 13. b3 {[%emt 0:01:05]} h6 {[%emt 0:06:01]} 14. Bb2 {[%emt 0:00:30]} Nd4 {[%emt 0:00:37]} 15. Nc2 {[%emt 0:04:02]} c5 {[%emt 0:07:20]} 16. f4 {[%emt 0:12:01]} gxf4 {[%emt 0:04:08]} 17. Bxd4 {[%emt 0:07:46]} cxd4 {[%emt 0:01:19]} 18. gxf4 {[%emt 0:00:15]} Nc6 {[%emt 0:03:13]} 19. fxe5 {[%emt 0:03:11]} dxe5 {[%emt 0:02:07]} 20. Rxf8+ {[%emt 0:02:07]} Qxf8 {[%emt 0:00:51]} 21. Ng3 {[%emt 0:00:45]} Qf7 {[%emt 0:03:18]} 22. Qe2 {[%emt 0:00:42]} Qg6 {[%emt 0:06:19]} 23. Rf1 {[%emt 0:02:10]} Rf8 {[%emt 0:01:42]} 24. Rxf8+ {[%emt 0:01:50]} Kxf8 {[%emt 0:00:20]} 25. b4 {[%emt 0:04:26]} Nd8 {[%emt 0:02:40]} 26. a4 {[%emt 0:02:55]} b6 {[%emt 0:03:13]} 27. Ne1 {[%emt 0:04:55]} Bd7 {[%emt 0:02:50]} 28. b5 {[%emt 0:01:34]} Ne6 {[%emt 0:04:32]} 29. Qf3+ {[%emt 0:00:30]} Nf4 {[%emt 0:00:27]} 30. Qa8+ {[%emt 0:01:45]} Ke7 {[%emt 0:00:14]} 31. Be4 {[%emt 0:03:10]} Nh3+ {[%emt 0:00:28]} 32. Kg2 {[%emt 0:01:21]} Qg5 {[%emt 0:02:07]} 33. Nf3 {[%emt 0:03:58]} Qc1 {[%emt 0:05:30]} 34. Nf5+ {[%emt 0:02:02]} Bxf5 {[%emt 0:00:48]} 35. Bxf5 {[%emt 0:00:48]} Nf4+ {[%emt 0:00:29]} 36. Kg3 {[%emt 0:02:03]} Nh5+ {[%emt 0:16:41]} 37. Kh3 {[%emt 0:10:45]} Nf4+ {[%emt 0:03:50]} 38. Kg3 {[%emt 0:00:18]} Nh5+ {[%emt 0:00:07]} 39. Kh3 {[%emt 0:00:10]} Nf4+ 1/2-1/2